000 01002nam a2200265Ia 4500
003 OSt
005 20220918110748.0
006 a|||||r|||| 00| 0
007 ta
008 220915b |||||||| |||| 00| 0 hin d
020 _a8173152187
024 _a167040
037 _cReference Collections
040 _aARTS
_cARTS
_bhin
041 _2hin
_ahin
082 _aP111,4:4k, 152N8(RR)
100 _aतिवारी, भोला नाथ
_99193
245 0 _aअंग्रेजी हिन्दी मुहावरा लोकोक्ति कोश
246 _aAangrejī hindī muhāvarā lokokti kosha
260 _aदिल्ली
_bप्रभात प्रकाशन
_c1998
300 _a591 पृ0
700 _a द्विजेंद्र नाथ
_99424
942 _hP111,4:4k, 152N8(RR)
_cREF
999 _c114554
_d114554